[Event "BCF-chT2 1819 (4NCL) Promotion"]
[Site "England"]
[Date "2019.05.04"]
[Round "9.22"]
[White "Lindner, Daniel"]
[Black "Delaney, Killian"]
[Result "1/2-1/2"]
[WhiteElo "2217"]
[BlackElo "2234"]
[PlyCount "54"]
[EventDate "2018.11.10"]
[EventType "team-tourn"]
[EventRounds "11"]
[EventCountry "ENG"]
[SourceTitle "EXT 2021"]
[Source "ChessBase"]
[SourceDate "2020.10.23"]
[SourceVersion "1"]
[SourceVersionDate "2020.10.23"]
[SourceQuality "1"]
[WhiteTeam "Anglian Avengers"]
[BlackTeam "Gonzaga"]
[WhiteTeamCountry "ENG"]
[BlackTeamCountry "ENG"]

1. c4 Nf6 2. g3 g6 3. Bg2 Bg7 4. Nc3 0-0 5. e4 d6 6. Nge2 c5 7. 0-0 Nc6 8. d3 a6 9. a4 Rb8 10. h4 Bd7 11. Be3 Ne8 12. d4 cxd4 13. Nxd4 Nc7 14. Nde2 b5 15. axb5 axb5 16. c5 dxc5 17. Bxc5 Ne6 18. Be3 b4 19. Na4 Ne5 20. b3 Bb5 21. Qc2 Qd3 22. Qxd3 Bxd3 23. Ra2 Rfc8 24. f4 Nc6 25. e5 Bxe2 26. Rxe2 Ncd4 27. Rd2 Rc2 1/2-1/2

[Event "BCF-chT2b 1718 (4NCL)"]
[Site "England"]
[Date "2018.02.11"]
[Round "6.65"]
[White "Lindner, Daniel"]
[Black "Golding, James"]
[Result "1-0"]
[WhiteElo "2214"]
[BlackElo "2046"]
[PlyCount "53"]
[EventDate "2017.11.11"]
[EventType "team-tourn"]
[EventRounds "7"]
[EventCountry "ENG"]
[SourceTitle "EXT 2020"]
[Source "ChessBase"]
[SourceDate "2019.10.17"]
[SourceVersion "1"]
[SourceVersionDate "2019.10.17"]
[SourceQuality "1"]
[WhiteTeam "Anglian Avengers"]
[BlackTeam "KJCA Kings"]
[WhiteTeamCountry "ENG"]
[BlackTeamCountry "ENG"]

1. c4 e6 2. g3 d5 3. Bg2 c5 4. Nf3 Nc6 5. 0-0 Nf6 6. b3 Be7 7. Bb2 0-0 8. e3 b6 9. Nc3 dxc4 10. bxc4 Bb7 11. Qe2 Rc8 12. Rac1 Qc7 13. d4 cxd4 14. exd4 Rfd8 15. Rfd1 Re8 16. d5 exd5 17. Nxd5 Nxd5 18. cxd5 Bc5 19. Qd2 Nb4 20. d6 Qd7 21. Ne5 Rxe5 22. Bxe5 Bxg2 23. Kxg2 Qc6+ 24. Kg1 Qf3 25. Bd4 Nc6 26. Bxc5 bxc5 27. Rxc5 1-0

[Event "BCF-chT1d 1617 (4NCL) Demotion pool"]
[Site "England"]
[Date "2017.03.05"]
[Round "8.54"]
[White "Webb, Laurence"]
[Black "Lindner, Daniel"]
[Result "1/2-1/2"]
[WhiteElo "2298"]
[BlackElo "2218"]
[PlyCount "70"]
[EventDate "2016.11.19"]
[EventType "team-tourn"]
[EventRounds "4"]
[EventCountry "ENG"]
[SourceTitle "EXT 2018"]
[Source "ChessBase"]
[SourceDate "2017.10.13"]
[SourceVersion "1"]
[SourceVersionDate "2017.10.13"]
[SourceQuality "1"]
[WhiteTeam "Blackthorne Russia"]
[BlackTeam "Anglian Avengers"]
[WhiteTeamCountry "ENG"]
[BlackTeamCountry "ENG"]

1. d4 f5 2. g3 Nf6 3. Bg2 e6 4. Nd2 d5 5. Nh3 c5 6. c3 Nc6 7. Nf3 Be7 8. 0-0 0-0 9. Nf4 Ne4 10. Nd3 Bd7 11. Nfe5 c4 12. Nxc6 Bxc6 13. Ne5 Be8 14. f3 Nd6 15. b3 b5 16. Ba3 a5 17. bxc4 b4 18. Bb2 Nxc4 19. Nxc4 dxc4 20. e4 a4 21. cxb4 Bxb4 22. Rc1 Rc8 23. Bc3 Bxc3 24. Rxc3 Bb5 25. Qd2 Qb6 26. Qe3 Rfd8 27. Rd1 e5 28. d5 Qxe3+ 29. Rxe3 c3 30. Rc1 c2 31. Bf1 Bxf1 32. Kxf1 fxe4 33. fxe4 Rf8+ 34. Ke2 Rc4 35. h4 Rfc8 1/2-1/2

[Event "BCF-chT1b 1617 (4NCL)"]
[Site "England"]
[Date "2017.03.04"]
[Round "7.64"]
[White "Lindner, Daniel"]
[Black "McDonald, Neil R"]
[Result "0-1"]
[WhiteElo "2218"]
[BlackElo "2423"]
[PlyCount "74"]
[EventDate "2016.11.19"]
[EventType "team-tourn"]
[EventRounds "7"]
[EventCountry "ENG"]
[SourceTitle "EXT 2018"]
[Source "ChessBase"]
[SourceDate "2017.10.13"]
[SourceVersion "1"]
[SourceVersionDate "2017.10.13"]
[SourceQuality "1"]
[WhiteTeam "Anglian Avengers"]
[BlackTeam "Wood Green"]
[WhiteTeamCountry "ENG"]
[BlackTeamCountry "ENG"]

1. c4 g6 2. g3 Bg7 3. Bg2 f5 4. Nc3 Nf6 5. d3 0-0 6. e4 d6 7. Nge2 c5 8. 0-0 fxe4 9. dxe4 Nc6 10. h3 e5 11. Nd5 Nxd5 12. Qxd5+ Kh8 13. b3 Qe7 14. Qd3 Be6 15. Nc3 Rf7 16. Nd5 Qd7 17. Kh2 Raf8 18. Be3 Nd4 19. Bxd4 cxd4 20. Qd2 h5 21. h4 Kh7 22. f3 Bh6 23. Qd3 g5 24. hxg5 Bxg5 25. f4 exf4 26. gxf4 Bxf4+ 27. Nxf4 Rxf4 28. Rxf4 Rxf4 29. Qxd4 Qe7 30. Rf1 Rxf1 31. Bxf1 Qh4+ 32. Kg1 Qg3+ 33. Bg2 Bh3 34. Qf2 Qxf2+ 35. Kxf2 Bxg2 36. Kxg2 Kg6 37. b4 Kf6 0-1

[Event "BCF-chT2a 1415 (4NCL)"]
[Site "England"]
[Date "2015.01.11"]
[Round "4.99"]
[White "Lindner, Daniel"]
[Black "Walton, Alan J"]
[Result "1/2-1/2"]
[WhiteElo "2214"]
[BlackElo "2113"]
[PlyCount "31"]
[EventDate "2014.11.15"]
[EventType "team-tourn"]
[EventRounds "7"]
[EventCountry "ENG"]
[SourceTitle "EXT 2016"]
[Source "ChessBase"]
[SourceDate "2015.10.08"]
[SourceVersion "1"]
[SourceVersionDate "2015.10.08"]
[SourceQuality "1"]
[WhiteTeam "Anglian Avengers"]
[BlackTeam "3CS Oldham"]
[WhiteTeamCountry "ENG"]
[BlackTeamCountry "ENG"]

1. c4 e6 2. g3 f5 3. Bg2 Nf6 4. Nf3 Be7 5. 0-0 0-0 6. Nc3 d6 7. d3 Qe8 8. e4 fxe4 9. dxe4 Nc6 10. b3 e5 11. Nd5 Bd8 12. Nxf6+ Bxf6 13. Be3 Qh5 14. Ne1 Qxd1 15. Rxd1 b6 16. Nc2 1/2-1/2

[Event "BCF-chT2a 1213 (4NCL)"]
[Site "England"]
[Date "2013.01.13"]
[Round "4.21"]
[White "Swanson, Stephen"]
[Black "Lindner, Daniel"]
[Result "0-1"]
[WhiteElo "2253"]
[BlackElo "2202"]
[PlyCount "122"]
[EventDate "2012.11.03"]
[EventType "team-tourn"]
[EventRounds "7"]
[EventCountry "ENG"]
[SourceTitle "EXT 2014"]
[Source "ChessBase"]
[SourceDate "2013.11.20"]
[SourceVersion "1"]
[SourceVersionDate "2013.11.20"]
[SourceQuality "1"]
[WhiteTeam "Poisoned Pawns"]
[BlackTeam "Anglian Avengers"]
[WhiteTeamCountry "ENG"]
[BlackTeamCountry "ENG"]

1. g3 g6 2. Bg2 Bg7 3. e4 c5 4. Ne2 Nc6 5. 0-0 Nf6 6. d3 0-0 7. c3 e5 8. Be3 b6 9. Qc1 d5 10. exd5 Nxd5 11. Bh6 Ba6 12. Bxg7 Kxg7 13. Qd2 Nde7 14. Rd1 Qd6 15. c4 Rad8 16. Nec3 f5 17. Na3 Rd7 18. Nab5 Qf6 19. a3 Rfd8 20. Qe3 Nd4 21. Rac1 Bb7 22. Bxb7 Rxb7 23. Ne2 Nxb5 24. cxb5 Nd5 25. Qf3 Rbd7 26. h3 h5 27. Rc4 Nc7 28. Nc3 Ne6 29. Kg2 Nd4 30. Qe3 Re8 31. b4 cxb4 32. axb4 Qd6 33. h4 Nxb5 34. Nxb5 Qd5+ 35. Kh2 Qxb5 36. Qc1 Qd5 37. Rc7 Ree7 38. Rxd7 Rxd7 39. Kg1 Qd4 40. Re1 Qxd3 41. Rxe5 Qd1+ 42. Re1 Qxc1 43. Rxc1 f4 44. Kg2 fxg3 45. fxg3 a5 46. Rc6 axb4 47. Rxb6 Rd4 48. Rb7+ Kf6 49. Rb6+ Kf5 50. Kf2 Rg4 51. Rb8 Ke5 52. Rd8 Rd4 53. Rg8 b3 54. Rb8 Rd3 55. Rb6 Kd4 56. g4 Kc3 57. Rc6+ Kd2 58. Rxg6 b2 59. Rb6 Kc2 60. Rxb2+ Kxb2 61. gxh5 Rh3 0-1

[Event "SCO-ch 119th"]
[Site "Glasgow"]
[Date "2012.07.14"]
[Round "8"]
[White "Lindner, Daniel"]
[Black "Will, Douglas"]
[Result "1-0"]
[WhiteElo "2198"]
[BlackElo "1923"]
[PlyCount "63"]
[EventDate "2012.07.07"]
[EventType "swiss"]
[EventRounds "9"]
[EventCountry "SCO"]
[SourceTitle "EXT 2023"]
[Source "ChessBase"]
[SourceDate "2022.10.05"]
[SourceVersion "1"]
[SourceVersionDate "2022.10.05"]
[SourceQuality "1"]

1. c4 Nf6 2. g3 g6 3. Bg2 Bg7 4. Nc3 0-0 5. e4 e5 6. Nge2 d6 7. 0-0 Be6 8. d3 Qd7 9. f4 Bh3 10. f5 Bxg2 11. Kxg2 c6 12. h3 d5 13. cxd5 cxd5 14. Bg5 dxe4 15. Bxf6 exd3 16. Bxg7 Qc6+ 17. Kh2 dxe2 18. Qxe2 Kxg7 19. f6+ Kh8 20. Qe3 Nd7 21. Ne4 Rg8 22. Rae1 g5 23. Nxg5 Rxg5 24. Qxg5 Qc2+ 25. Kh1 Qc6+ 26. Kh2 Qc2+ 27. Kh1 Qc6+ 28. Kg1 Rg8 29. Qe3 e4 30. Qxe4 Rxg3+ 31. Kh2 Qc7 32. Qf4 1-0

[Event "BCF-chT3S 1112 (4NCL)"]
[Site "England"]
[Date "2012.01.15"]
[Round "4.1"]
[White "Claridge Hansen, William"]
[Black "Lindner, Daniel"]
[Result "1/2-1/2"]
[WhiteElo "1706"]
[BlackElo "2217"]
[PlyCount "79"]
[EventDate "2011.11.12"]
[EventType "team-swiss"]
[EventRounds "6"]
[EventCountry "ENG"]
[SourceTitle "EXT 2013"]
[Source "ChessBase"]
[SourceDate "2012.11.22"]
[SourceVersion "1"]
[SourceVersionDate "2012.11.22"]
[SourceQuality "1"]
[WhiteTeam "AMCA Cheetahs"]
[BlackTeam "Metropolitan"]
[WhiteTeamCountry "ENG"]
[BlackTeamCountry "ENG"]

1. c4 Nf6 2. g3 g6 3. Bg2 d5 4. cxd5 Nxd5 5. Nc3 Nb6 6. Nf3 Bg7 7. 0-0 Nc6 8. d3 0-0 9. Be3 e5 10. Ne4 Nd5 11. Bc5 Re8 12. Qb3 b6 13. Ba3 Na5 14. Qc2 c5 15. Nfd2 Be6 16. Nc4 Nb7 17. Nc3 h6 18. Rac1 Qd7 19. b3 Rad8 20. Nxd5 Bxd5 21. Bxd5 Qxd5 22. Bb2 h5 23. Ne3 Qd7 24. Qc4 Bh6 25. Qh4 Na5 26. b4 cxb4 27. Qxb4 Nc6 28. Qe1 Nd4 29. Rc4 Qe6 30. a4 Rd7 31. Nc2 Nxc2 32. Rxc2 Qb3 33. Qc3 Qxa4 34. Ra1 Qb5 35. Qc6 Qxc6 36. Rxc6 Bg7 37. Kg2 e4 38. d4 Bxd4 39. Bxd4 Rxd4 40. Rxa7 1/2-1/2

[Event "Uxbridge e2e4 Autumn Challengers-D"]
[Site "Uxbridge"]
[Date "2010.08.14"]
[Round "7"]
[White "Foster, James M"]
[Black "Lindner, Daniel"]
[Result "0-1"]
[WhiteElo "1924"]
[BlackElo "2249"]
[PlyCount "60"]
[EventDate "2010.08.11"]
[EventType "tourn"]
[EventRounds "9"]
[EventCountry "ENG"]
[SourceTitle "CBM 137 Extra"]
[Source "ChessBase"]
[SourceDate "2010.09.01"]
[SourceVersion "1"]
[SourceVersionDate "2010.09.01"]
[SourceQuality "1"]

1. e4 c5 2. Nf3 e6 3. Nc3 Nc6 4. Be2 Nf6 5. 0-0 d5 6. exd5 Nxd5 7. Bb5 Nxc3 8. Bxc6+ bxc6 9. bxc3 Bd6 10. c4 Rb8 11. d3 0-0 12. Bd2 Qf6 13. Qc1 h6 14. Qa3 e5 15. Be3 Qe7 16. Nd2 f5 17. Nb3 Rb4 18. c3 Rxb3 19. Qxb3 f4 20. Bc1 f3 21. Qd1 e4 22. dxe4 Bxh2+ 23. Kxh2 Qh4+ 24. Kg1 fxg2 25. Kxg2 Bh3+ 26. Kg1 Qxe4 27. f3 Qg6+ 28. Kf2 Qg2+ 29. Ke3 Re8+ 30. Kd3 Bf5# 0-1

[Event "BCF-chT1c 0910 (4NCL) Promotion pool"]
[Site "England"]
[Date "2010.03.28"]
[Round "8.4"]
[White "Lindner, Daniel"]
[Black "Tissir, Mohamed"]
[Result "0-1"]
[WhiteElo "2244"]
[BlackElo "2434"]
[PlyCount "104"]
[EventDate "2009.10.24"]
[EventType "team-tourn"]
[EventRounds "4"]
[EventCountry "ENG"]
[SourceTitle "EXT 2011"]
[Source "ChessBase"]
[SourceDate "2010.11.26"]
[SourceVersion "1"]
[SourceVersionDate "2010.11.26"]
[SourceQuality "1"]
[WhiteTeam "Wood Green Hilsmark Kingfisher II"]
[BlackTeam "Wood Green Hilsmark Kingfisher"]
[WhiteTeamCountry "ENG"]
[BlackTeamCountry "ENG"]

1. c4 e5 2. g3 Nf6 3. Bg2 Bc5 4. Nc3 Nc6 5. Nf3 d6 6. d3 h6 7. 0-0 a6 8. a3 0-0 9. b4 Ba7 10. Bb2 Be6 11. Rc1 Qd7 12. e3 Rfe8 13. Re1 Rad8 14. Qc2 Re7 15. e4 Nd4 16. Nxd4 Bxd4 17. Nd5 Bxd5 18. exd5 Rde8 19. Bxd4 exd4 20. Qd2 Qf5 21. Bf1 Nd7 22. Rxe7 Rxe7 23. Re1 Ne5 24. Bg2 Kf8 25. Re4 Nxc4 26. Qe2 Ne5 27. f4 Ng6 28. Qb2 Qg4 29. Qxd4 Qd1+ 30. Bf1 Rxe4 31. Qxe4 Qc1 32. Qf5 Qe3+ 33. Kg2 Ne7 34. Qe4 Qd2+ 35. Kg1 b5 36. a4 g6 37. axb5 axb5 38. Bh3 Qa2 39. Bg2 Nf5 40. Bh3 Ne7 41. Bg2 Qa1+ 42. Kf2 Nf5 43. Bh3 Qb2+ 44. Kg1 Nd4 45. f5 gxf5 46. Bxf5 Qxb4 47. Bg4 Qb1+ 48. Kg2 Qb2+ 49. Kh3 Qf2 50. Qh7 Qf1+ 51. Kh4 Qf6+ 52. Kh3 b4 0-1

[Event "BCF-chT1b 0809 (4NCL)"]
[Site "England"]
[Date "2009.03.21"]
[Round "7.4"]
[White "Dorrington, Christopher"]
[Black "Lindner, Daniel"]
[Result "1/2-1/2"]
[WhiteElo "2265"]
[BlackElo "2343"]
[PlyCount "103"]
[EventDate "2008.10.04"]
[EventType "team-tourn"]
[EventRounds "7"]
[EventCountry "ENG"]
[SourceTitle "EXT 2010"]
[Source "ChessBase"]
[SourceDate "2010.11.25"]
[SourceVersion "1"]
[SourceVersionDate "2010.11.25"]
[SourceQuality "1"]
[WhiteTeam "Barbican II"]
[BlackTeam "Wood Green Hilsmark Kingfisher II"]
[WhiteTeamCountry "ENG"]
[BlackTeamCountry "ENG"]

1. e4 c5 2. Nc3 Nc6 3. Nge2 e6 4. g3 Nf6 5. Bg2 Be7 6. 0-0 0-0 7. d4 cxd4 8. Nxd4 a6 9. h3 Qc7 10. Re1 d6 11. a4 Bd7 12. b3 Rac8 13. Nde2 Rfd8 14. Bf4 Ne8 15. Rc1 Bf6 16. Na2 b5 17. axb5 axb5 18. c4 bxc4 19. bxc4 Ra8 20. Nac3 Ne5 21. Nb5 Qb8 22. Bxe5 dxe5 23. Qb3 Nc7 24. Nec3 Na6 25. Na4 Be7 26. Bf1 Nc5 27. Nxc5 Bxc5 28. Ra1 Qb6 29. Qc2 Rxa1 30. Rxa1 Bc6 31. Rb1 Ra8 32. Bg2 Qa5 33. h4 Rd8 34. Rd1 Rxd1+ 35. Qxd1 Bxb5 36. cxb5 Qxb5 37. Qd8+ Bf8 38. Qd2 h5 39. Bf3 Be7 40. Kg2 g6 41. Qe2 Qc5 42. Qd2 Kg7 43. Bd1 Qc4 44. Qe2 Qd4 45. Bc2 Bc5 46. Bd3 f5 47. Qf3 Kf6 48. Qe2 Qc3 49. Qf3 Qd4 50. Qe2 Qa1 51. Bc4 Qd4 52. Bd3 1/2-1/2

[Event "BCF-chT 0708 (4NCL)"]
[Site "Sunningdale"]
[Date "2008.05.04"]
[Round "10.3"]
[White "Martin, Andrew D"]
[Black "Lindner, Daniel"]
[Result "1/2-1/2"]
[WhiteElo "2425"]
[BlackElo "2245"]
[PlyCount "55"]
[EventDate "2007.09.15"]
[EventType "team-tourn"]
[EventRounds "11"]
[EventCountry "ENG"]
[SourceTitle "EXT 2008"]
[Source "ChessBase"]
[SourceDate "2007.11.25"]
[SourceVersion "1"]
[SourceVersionDate "2007.11.25"]
[SourceQuality "1"]
[WhiteTeam "Wood Green London"]
[BlackTeam "Hilsmark Kingfisher"]
[WhiteTeamCountry "ENG"]
[BlackTeamCountry "ENG"]

1. c4 Nf6 2. d4 e6 3. Nc3 Bb4 4. e3 b6 5. Nge2 Ne4 6. f3 Nxc3 7. bxc3 Be7 8. Ng3 d6 9. e4 Nc6 10. Bd3 Na5 11. f4 Ba6 12. 0-0 Qd7 13. f5 0-0-0 14. fxe6 fxe6 15. Rf7 Qe8 16. Rxg7 Bf6 17. Rg4 h5 18. Rf4 Bg5 19. Rf2 Bxc1 20. Rxc1 h4 21. Nf1 Bxc4 22. Ne3 Bxd3 23. Qxd3 Kb7 24. Rcf1 Rd7 25. Ng4 Rg7 26. h3 Qa4 27. Qc2 Qxc2 28. Rxc2 1/2-1/2

[Event "BCF-chT 0708 (4NCL)"]
[Site "Sunningdale"]
[Date "2007.09.15"]
[Round "1.6"]
[White "Lindner, Daniel"]
[Black "Coates, Kenneth G"]
[Result "0-1"]
[WhiteElo "2238"]
[BlackElo "2242"]
[PlyCount "92"]
[EventDate "2007.09.15"]
[EventType "team-tourn"]
[EventRounds "11"]
[EventCountry "ENG"]
[SourceTitle "EXT 2008"]
[Source "ChessBase"]
[SourceDate "2007.11.25"]
[SourceVersion "1"]
[SourceVersionDate "2007.11.25"]
[SourceQuality "1"]
[WhiteTeam "Hilsmark Kingfisher"]
[BlackTeam "North West Eagles"]
[WhiteTeamCountry "ENG"]
[BlackTeamCountry "ENG"]

1. e4 d5 2. exd5 Qxd5 3. Nc3 Qd6 4. d4 Nf6 5. Nf3 a6 6. Be2 Bg4 7. h3 Bh5 8. Be3 Nc6 9. Qd2 e6 10. 0-0 Be7 11. Rad1 Rd8 12. a3 Bg6 13. Qc1 Nd5 14. Nxd5 exd5 15. Bf4 Qd7 16. c4 Be4 17. Ne5 Nxe5 18. dxe5 d4 19. e6 Qxe6 20. Rfe1 Qc6 21. Bf1 Rd7 22. Be5 0-0 23. Rxd4 Bg6 24. Qc3 f6 25. Rxd7 Qxd7 26. Bf4 Rd8 27. Be2 Bd6 28. Bxd6 Qxd6 29. Bf3 b6 30. b4 c5 31. Rd1 Qc7 32. Rxd8+ Qxd8 33. bxc5 bxc5 34. Qe3 Qd6 35. Bd5+ Kf8 36. Qb3 Bf7 37. Qb7 Bxd5 38. cxd5 h5 39. a4 a5 40. Kf1 h4 41. Kg1 g5 42. Qa8+ Kf7 43. Qxa5 Qxd5 44. Qc7+ Ke6 45. a5 Qd1+ 46. Kh2 Qd6+ 0-1

[Event "BCF-chT2 0607 (4NCL)"]
[Site "Sunningdale"]
[Date "2007.05.07"]
[Round "11.3"]
[White "Mason, Donald"]
[Black "Lindner, Daniel"]
[Result "1/2-1/2"]
[WhiteElo "2249"]
[BlackElo "2253"]
[PlyCount "51"]
[EventDate "2006.09.16"]
[EventType "team-tourn"]
[EventRounds "11"]
[EventCountry "ENG"]
[SourceTitle "EXT 2008"]
[Source "ChessBase"]
[SourceDate "2007.11.25"]
[SourceVersion "1"]
[SourceVersionDate "2007.11.25"]
[SourceQuality "1"]
[WhiteTeam "Warwicks Select"]
[BlackTeam "Hilsmark Kingfisher II"]
[WhiteTeamCountry "ENG"]
[BlackTeamCountry "ENG"]

1. e4 e5 2. Nf3 Nc6 3. Bb5 f5 4. Nc3 fxe4 5. Nxe4 d5 6. Nxe5 dxe4 7. Nxc6 Qg5 8. Qe2 Nf6 9. Ne5+ c6 10. f4 Qxf4 11. d4 Qh4+ 12. g3 Qh3 13. Bc4 Be6 14. Bg5 Be7 15. 0-0-0 0-0-0 16. g4 Bd5 17. Rhg1 h6 18. Bxd5 hxg5 19. Be6+ Kc7 20. Nf7 Qxh2 21. Qxh2+ Rxh2 22. Nxd8 Kxd8 23. d5 Kc7 24. dxc6 bxc6 25. Rg3 Bd6 26. Rgg1 1/2-1/2

[Event "BCF-chT2 0607 (4NCL)"]
[Site "Sunningdale"]
[Date "2007.05.06"]
[Round "10.5"]
[White "Lindner, Daniel"]
[Black "Dunn, Andrew"]
[Result "1/2-1/2"]
[WhiteElo "2253"]
[BlackElo "2196"]
[PlyCount "85"]
[EventDate "2006.09.16"]
[EventType "team-tourn"]
[EventRounds "11"]
[EventCountry "ENG"]
[SourceTitle "EXT 2008"]
[Source "ChessBase"]
[SourceDate "2007.11.25"]
[SourceVersion "1"]
[SourceVersionDate "2007.11.25"]
[SourceQuality "1"]
[WhiteTeam "Hilsmark Kingfisher II"]
[BlackTeam "Poisoned Pawns"]
[WhiteTeamCountry "ENG"]
[BlackTeamCountry "ENG"]

1. e4 c6 2. d4 d5 3. e5 c5 4. c3 Nc6 5. Nf3 Bg4 6. Be2 e6 7. Nbd2 cxd4 8. cxd4 Nge7 9. h3 Bf5 10. g4 Be4 11. 0-0 h5 12. Nb3 hxg4 13. hxg4 Ng6 14. Be3 Bxf3 15. Bxf3 Qh4 16. Re1 Qh2+ 17. Kf1 Nh4 18. Nd2 Qh3+ 19. Ke2 Nxf3 20. Nxf3 Qxg4 21. Rg1 Qf5 22. Rg3 Rh3 23. Rxh3 Qxh3 24. Qb3 0-0-0 25. Rc1 Rd7 26. Qa4 Rc7 27. b4 Qf5 28. a3 Be7 29. b5 Nb8 30. Rxc7+ Kxc7 31. Qa5+ Kc8 32. Qxa7 Qb1 33. Qa4 Qa2+ 34. Bd2 Qxa3 35. Qxa3 Bxa3 36. Ng5 Bb2 37. Kd3 Ba3 38. Nxf7 Nd7 39. Ba5 Be7 40. Ke3 Nf8 41. Kf4 Kd7 42. Kg4 Ng6 43. Ng5 1/2-1/2

[Event "BCF-chT2 0607 (4NCL)"]
[Site "Sunningdale"]
[Date "2007.03.03"]
[Round "7.3"]
[White "Lindner, Daniel"]
[Black "Abayasekera, Roger"]
[Result "1/2-1/2"]
[WhiteElo "2253"]
[BlackElo "2207"]
[PlyCount "62"]
[EventDate "2006.09.16"]
[EventType "team-tourn"]
[EventRounds "11"]
[EventCountry "ENG"]
[SourceTitle "EXT 2008"]
[Source "ChessBase"]
[SourceDate "2007.11.25"]
[SourceVersion "1"]
[SourceVersionDate "2007.11.25"]
[SourceQuality "1"]
[WhiteTeam "Hilsmark Kingfisher II"]
[BlackTeam "Guildford III"]
[WhiteTeamCountry "ENG"]
[BlackTeamCountry "ENG"]

1. e4 g6 2. d4 Bg7 3. c4 d6 4. Nc3 Nf6 5. Nf3 0-0 6. Be2 Nbd7 7. 0-0 e5 8. Be3 c6 9. h3 exd4 10. Bxd4 Re8 11. Qc2 Nc5 12. Bd3 Nfd7 13. Bxg7 Kxg7 14. Rad1 Ne5 15. Be2 Nxf3+ 16. Bxf3 Qe7 17. Rfe1 f6 18. Qd2 Be6 19. b3 Rad8 20. Nd5 Qf7 21. Nf4 Bc8 22. h4 Kg8 23. Qd4 a6 24. Nd3 Nxd3 25. Rxd3 Be6 26. Red1 Rd7 27. Qe3 Red8 28. Qf4 Qe7 29. Qg3 Kg7 30. Qf4 Kg8 31. Qg3 Kg7 1/2-1/2

[Event "BCF-chT2 0607 (4NCL)"]
[Site "Sunningdale"]
[Date "2006.11.11"]
[Round "3.1"]
[White "Rees, Ioan"]
[Black "Lindner, Daniel"]
[Result "1-0"]
[WhiteElo "2227"]
[BlackElo "2271"]
[PlyCount "73"]
[EventDate "2006.09.16"]
[EventType "team-tourn"]
[EventRounds "11"]
[EventCountry "ENG"]
[SourceTitle "CBM 115 Extra"]
[Source "ChessBase"]
[SourceDate "2007.01.10"]
[SourceVersion "1"]
[SourceVersionDate "2007.01.10"]
[SourceQuality "1"]
[WhiteTeam "Slough Sharks II"]
[BlackTeam "Hilsmark Kingfisher II"]
[WhiteTeamCountry "ENG"]
[BlackTeamCountry "ENG"]

1. d4 Nf6 2. c4 e6 3. Nc3 Bb4 4. e3 b6 5. Nge2 0-0 6. a3 Be7 7. e4 d6 8. Ng3 Ne8 9. Be2 f5 10. exf5 exf5 11. Bf3 c6 12. b4 Nc7 13. 0-0 Bb7 14. Re1 f4 15. Nge2 Bg5 16. b5 Kh8 17. a4 d5 18. Ba3 Rg8 19. Qc2 dxc4 20. Ne4 Ne8 21. Nxg5 Qxg5 22. Qxc4 cxb5 23. Qxg8+ Kxg8 24. Bxb7 b4 25. Bxb4 a5 26. Bxa8 axb4 27. Nxf4 Nf6 28. g3 b3 29. Re5 Qg4 30. Rae1 b2 31. Rb5 Nbd7 32. Rxb2 Qf5 33. Bg2 Qa5 34. Rbe2 Qxa4 35. Re8+ Nxe8 36. Bd5+ Kf8 37. Ne6+ 1-0

[Event "EU-Cup 22nd"]
[Site "Fuegen"]
[Date "2006.10.11"]
[Round "4.6"]
[White "Stehno, Pavel"]
[Black "Lindner, Daniel"]
[Result "1-0"]
[WhiteElo "2273"]
[BlackElo "2271"]
[PlyCount "73"]
[EventDate "2006.10.08"]
[EventType "team-swiss"]
[EventRounds "7"]
[EventCountry "AUT"]
[SourceTitle "CBM 115"]
[Source "ChessBase"]
[SourceDate "2006.11.15"]
[SourceVersion "1"]
[SourceVersionDate "2006.11.15"]
[SourceQuality "1"]
[WhiteTeam "Pardubice"]
[BlackTeam "Hilsmark Kingfisher"]
[WhiteTeamCountry "CZE"]
[BlackTeamCountry "ENG"]

1. e4 e5 2. Nf3 Nc6 3. Bb5 a6 4. Ba4 Nf6 5. 0-0 Be7 6. Re1 b5 7. Bb3 d6 8. c3 0-0 9. h3 Na5 10. Bc2 c5 11. d4 Nd7 12. Nbd2 exd4 13. cxd4 Nc6 14. Nf1 Bf6 15. Be3 Bb7 16. Ng3 g6 17. Qd2 Re8 18. Rad1 c4 19. h4 Qc7 20. h5 b4 21. Bg5 Bh8 22. Bh6 Nf8 23. Nf5 a5 24. Bxf8 Rxf8 25. Nh6+ Kg7 26. e5 Bc8 27. Be4 Ra6 28. Bxc6 Rxc6 29. d5 Rc5 30. Nh4 dxe5 31. N6f5+ Bxf5 32. Nxf5+ Kf6 33. d6 Qd7 34. Ne7 Qg4 35. Qe3 Rb5 36. Nd5+ Ke6 37. Nc7+ 1-0